Data structures through C solutions (Record no. 10926)
[ view plain ]
| 000 -LEADER | |
|---|---|
| fixed length control field | 00477 a2200169 4500 |
| 022 ## - INTERNATIONAL STANDARD SERIAL NUMBER | |
| International Standard Serial Number | 9788183333627 |
| 082 ## - DEWEY DECIMAL CLASSIFICATION NUMBER | |
| Classification number | 005.133 |
| 090 ## - LOCALLY ASSIGNED LC-TYPE CALL NUMBER (OCLC); LOCAL CALL NUMBER (RLIN) | |
| -- | 7122 |
| -- | 7122 |
| 100 ## - MAIN ENTRY--PERSONAL NAME | |
| Personal name | Kanetkar, Yashavant P. |
| 245 ## - TITLE STATEMENT | |
| Title | Data structures through C solutions |
| Statement of responsibility, etc. | Yashavant P. Kanetkar |
| 250 ## - EDITION STATEMENT | |
| Edition statement | 2nd ed |
| 260 ## - PUBLICATION, DISTRIBUTION, ETC. | |
| Place of publication, distribution, etc. | New Delhi |
| Name of publisher, distributor, etc. | BPB Publications |
| Date of publication, distribution, etc. | 2010 |
| 300 ## - PHYSICAL DESCRIPTION | |
| Extent | 201 p. |
| 650 ## - SUBJECT ADDED ENTRY--TOPICAL TERM | |
| Topical term or geographic name entry element | C (Computer program language)--Data structures |
| 700 ## - ADDED ENTRY--PERSONAL NAME | |
| Personal name | Yashavant P. Kanetkar |
| 942 ## - ADDED ENTRY ELEMENTS (KOHA) | |
| Koha item type | Book |
| Call number prefix | 005.133 KAN |
| Withdrawn status | Lost status | Damaged status | Not for loan | Collection code | Permanent Location | Current Location | Shelving location | Date acquired | Source of acquisition | Cost, normal purchase price | Total Checkouts | Full call number | Barcode | Date last seen | Date last checked out | Price effective from | Koha item type | Total Renewals |
|---|---|---|---|---|---|---|---|---|---|---|---|---|---|---|---|---|---|---|
| Central Library (CL) | Central Library (CL) | First Floor - Software Engineering/ Programming Language | 05/21/2015 | Eagle Information Marketing | 396.00 | 3 | 005.133 KAN | SEECS011306 | 01/15/2016 | 12/28/2015 | 01/05/2017 | Book | ||||||
| Central Library (CL) | Central Library (CL) | First Floor - Software Engineering/ Programming Language | 05/21/2012 | Eagle Information Marketing | 396.00 | 1 | 005.133 KAN | SEECS011307 | 02/15/2015 | 09/25/2014 | 01/05/2017 | Book | 1 | |||||
| Central Library (CL) | Central Library (CL) | First Floor - Software Engineering/ Programming Language | 05/21/2012 | Eagle Information Marketing | 396.00 | 6 | 005.133 KAN | SEECS011308 | 03/07/2016 | 12/17/2015 | 01/05/2017 | Book |
